| 000 | 00654nam a2200217 a 4500 | ||
|---|---|---|---|
| 001 | 18491 | ||
| 003 | CO-ViMGA | ||
| 008 | 141112s2004 ck r 000 u spa d | ||
| 020 | _a9681637437 | ||
| 040 |
_aCO-ViMGA _bspa _cCO-ViMGA |
||
| 082 | 0 | 4 | _a666.4 D654 |
| 100 | 1 |
_aDominguez, Jose Manuel; Schifter, Issac _926333 |
|
| 245 | 1 | 0 | _aLas arcillas . el barro noble - Ciencia para todos |
| 260 |
_aMexico, _cFondo de cultura económica, _c1992 |
||
| 300 | _a96.p. | ||
| 490 | _aCiencias para todos | ||
| 590 | _aForma de adquisición : Premio - Mincultura | ||
| 650 | 1 | 4 |
_aARCILLA _926334 |
| 650 | 1 | 4 |
_aINDUSTRIA DE LA CERAMICA _926335 |
| 942 |
_2ddc _cBK |
||
| 999 |
_c27782 _d27782 |
||